Science, technology and society in contemporary Japan / (Record no. 592166)

000 -LEADER
fixed length control field 01623cam a2200373 a 4500
001 - CONTROL NUMBER
control field 1686592
005 - DATE AND TIME OF LATEST TRANSACTION
control field 20221031153854.0
008 - FIXED-LENGTH DATA ELEMENTS--GENERAL INFORMATION
fixed length control field 990526s1999 nyub b 001 0 eng
010 ## - LIBRARY OF CONGRESS CONTROL NUMBER
LC control number 99035364
020 ## - INTERNATIONAL STANDARD BOOK NUMBER
International Standard Book Number 0521652820 (alk. paper)
020 ## - INTERNATIONAL STANDARD BOOK NUMBER
International Standard Book Number 0521654254 (pbk. : alk. paper)
040 ## - CATALOGING SOURCE
Original cataloging agency DLC
Transcribing agency DLC
Modifying agency DLC
042 ## - AUTHENTICATION CODE
Authentication code pcc
043 ## - GEOGRAPHIC AREA CODE
Geographic area code a-ja---
050 00 - LIBRARY OF CONGRESS CALL NUMBER
Classification number Q175.52.J3
Item number L68 1999
082 00 - DEWEY DECIMAL CLASSIFICATION NUMBER
Classification number 303.4830952
Author Mark LOW
100 1# - MAIN ENTRY--PERSONAL NAME
Personal name Low, Morris.
9 (RLIN) 102036
245 10 - TITLE STATEMENT
Title Science, technology and society in contemporary Japan /
Statement of responsibility, etc. Morris Low, Shigeru Nakayama, Hitoshi Yoshioka.
260 ## - PUBLICATION, DISTRIBUTION, ETC.
Place of publication, distribution, etc. New York :
Name of publisher, distributor, etc. Cambridge University Press,
Date of publication, distribution, etc. 1999.
300 ## - PHYSICAL DESCRIPTION
Extent xiii, 226 p. :
Other physical details map ;
Dimensions 23 cm.
440 #0 - SERIES STATEMENT/ADDED ENTRY--TITLE
Title Contemporary Japanese society
9 (RLIN) 101781
504 ## - BIBLIOGRAPHY, ETC. NOTE
Bibliography, etc. note Includes bibliographical references and index.
650 #0 - SUBJECT ADDED ENTRY--TOPICAL TERM
Topical term or geographic name entry element Science
General subdivision Social aspects
Geographic subdivision Japan.
9 (RLIN) 102037
650 #0 - SUBJECT ADDED ENTRY--TOPICAL TERM
Topical term or geographic name entry element Science and state
Geographic subdivision Japan.
9 (RLIN) 102038
650 #0 - SUBJECT ADDED ENTRY--TOPICAL TERM
Topical term or geographic name entry element Technology and state
Geographic subdivision Japan.
9 (RLIN) 102039
650 #0 - SUBJECT ADDED ENTRY--TOPICAL TERM
Topical term or geographic name entry element Technology
General subdivision Social aspects
Geographic subdivision Japan.
9 (RLIN) 102040
700 1# - ADDED ENTRY--PERSONAL NAME
Personal name Nakayama, Shigeru,
Dates associated with a name 1928-
9 (RLIN) 102041
700 1# - ADDED ENTRY--PERSONAL NAME
Personal name Yoshioka, Hitoshi,
Dates associated with a name 1953-
9 (RLIN) 102042
856 42 - ELECTRONIC LOCATION AND ACCESS
Materials specified Publisher description
Uniform Resource Identifier <a href="http://www.loc.gov/catdir/description/cam0210/99035364.html">http://www.loc.gov/catdir/description/cam0210/99035364.html</a>
856 41 - ELECTRONIC LOCATION AND ACCESS
Materials specified Table of contents
Uniform Resource Identifier <a href="http://www.loc.gov/catdir/toc/cam028/99035364.html">http://www.loc.gov/catdir/toc/cam028/99035364.html</a>
906 ## - LOCAL DATA ELEMENT F, LDF (RLIN)
a 7
b cbc
c orignew
d 1
e ocip
f 19
g y-gencatlg
942 ## - ADDED ENTRY ELEMENTS (KOHA)
Source of classification or shelving scheme
Koha item type Book
Holdings
Withdrawn status Lost status Source of classification or shelving scheme Damaged status Not for loan Permanent Location Current Location Shelving location Date acquired Source of acquisition Total Checkouts Total Renewals Full call number Barcode Date last seen Date last checked out Price effective from Koha item type
          Central Library (CL) Central Library (CL) Explore Japan 10/31/2022 Donated by Japan Embassy 1 3 303.4830952 LOW CL-D-2167 05/31/2023 12/02/2022 10/31/2022 Book
© 2023 Central Library, National University of Sciences and Technology. All Rights Reserved.